| 000 | 00407cam a2200169ua 4500 | ||
|---|---|---|---|
| 020 | _c3.00 | ||
| 041 |
_amal _h |
||
| 082 |
_a894.812308 _bCRA/DH |
||
| 100 | _aCrane, Stephen . | ||
| 245 |
_aDheerathayude Sonamudra / _cStephen Crane. _hTextual Documents |
||
| 260 |
_aQuilon : _bM.S Book Depot , _c1960. |
||
| 300 | _a269 ; . | ||
| 365 | _a3.00 | ||
| 504 | _a | ||
| 942 | _cBK | ||
| 999 |
_c894 _d894 |
||